| Поле | Название | Значение |
| |
Тип записи |
i |
| |
Библиографический уровень |
m |
| 001 |
Контрольный номер |
RU/IS/BASE/419015818 |
| 005 |
Дата корректировки |
20201206204848.1 |
| 010 |
Индекс ISBN |
__ |
| d |
Цена |
154-58 |
| 101 |
Язык документа |
1_ |
| a |
Язык текста |
rus |
| c |
Язык оригинала |
fre |
| 200 |
Заглавие и сведения об ответственности |
1_ |
| a |
Заглавие |
Госпожа Бовари |
| e |
Сведения, относящиеся к заглавию |
[роман : аудиокнига : 16+] |
| f |
Первые сведения об ответственности |
Гюстав Флобер ; читает Сергей Кирсанов ; [пер. с фр. А. Ромма] |
| b |
Общее обозначение материала |
Звукозапись |
| 210 |
Выходные данные |
__ |
| a |
Место издания |
М. |
| c |
Издательство |
АРДИС |
| d |
Дата издания |
2010 |
| 215 |
Физическое описание |
__ |
| a |
Объем |
1 электрон. опт. диск (Audio CD) (14 ч. 16 мин.) |
| 225 |
Серия |
__ |
| a |
Серия |
XIX век. Зарубежная проза |
| 300 |
Общие примечания |
__ |
| a |
Общие примечания |
mp3 ; 112 Kbps ; 44.1 kHz ; stereo |
| 323 |
Примечание о главных создателях, исполнителях, участниках |
__ |
| a |
Примечание о главных создателях, исполнителях, участниках |
Кирсанов С. (читает) |
| 330 |
Аннотация |
__ |
| a |
Аннотация |
Гюстав Флобер получил известность после сенсационного судебного процесса, на котором роман "Госпожа Бовари" обвинялся в "оскорблении нравственности". Позже роман был признан едва ли не самым совершенным творением французской прозы и лучшей книгой о любви. Главная тема произведения - извечный конфликт между иллюзией и реальностью, между жизнью придуманной и подлинной. Эмма Бовари - страстная романтическая натура, ради истинной любви пожертвовавшая всем: репутацией, состоянием, счастьем ребенка. Можно было бы сказать, что госпожа Бовари - это французская Анна Каренина, если бы Флобер не написал свой роман раньше, в 1857 году... |
| 333 |
Примечание о целевом назначении |
__ |
| a |
Примечание о целевом назначении |
16+. Для детей старше 16 лет |
| 606 |
Тематические рубрики |
__ |
| a |
Основная рубрика |
Литература Европы (произведения) |
| a |
Основная рубрика |
Художественная литература |
| z |
Хронологическая подрубрика |
19 в. |
| y |
Географическая подрубрика |
Франция |
| 610 |
Ключевые слова |
__ |
| a |
Ключевые слова |
зарубежная литература; иностранная литература; романы; французская литература; тема любви; тема женщины; тема взаимоотношений; Эмма Бовари; литературные герои; литературные персонажи |
| 686 |
Индексы других классификаций |
__ |
| a |
Классификационный индекс |
84(4Фра)52-4я04 |
| 700 |
Автор |
_1 |
| a |
Фамилия |
Флобер |
| b |
Имя |
Г. |
| f |
Даты |
1821-1880 |
| g |
Полное личное имя |
Гюстав |
| 4 |
Код отношения |
070 |
| 702 |
Вторичная интеллектуальная ответственность |
_1 |
| a |
Фамилия |
Ромм |
| b |
Имя |
А. |
| 4 |
Код отношения |
Переводчик |
| 4 |
Код отношения |
730 |
| 801 |
Источник записи |
_0 |
| a |
Страна |
RU |
| b |
Организация |
Муниципальное бюджетное учреждение культуры "Централизованная библиотечная система" г. Сургут (Центральная городская библиотека им. А. С. Пушкина) |
| g |
Правила каталогизации |
КиК/Апакова |
| 801 |
Источник записи |
_1 |
| a |
Страна |
RU |
| b |
Организация |
Муниципальное бюджетное учреждение культуры "Централизованная библиотечная система" г. Сургут (Центральная городская библиотека им. А. С. Пушкина) |
| g |
Правила каталогизации |
КиК/Апакова |
| 852 |
Данные о местонахождении |
__ |
| j |
Шифр хранения |
84(4Фра)52-4я04 |
| i |
Авторский знак |
Ф 73 |
| 901 |
Тип документа |
__ |
| t |
Тип документа |
0 |
| 903 |
Характеристики (МАРС) |
__ |
| a |
Дата передачи |
20130411 |
| 969 |
Тип издания |
__ |
| a |
Тип издания |
аудиокнига; издание для слепых |
| 990 |
Данные о заказе (DOS) |
__ |
| j |
Количество экземпляров (DOS) |
2 |
| h |
N записи в КСУ для Б/У (DOS) |
201304 |